000
00266nam a22001217a 4500
003
SGT
082
_a
370
_b
RAN
100
_a
RANGNATHAN, SNEHLATA
245
_a
VISUAL IMPAIRMENT AND BLINDNESS
260
_a
DELHI
_b
KANISKA
_c
2012
300
_a
285
942
_2
ddc
_c
BK
999
_c
17767
_d
17767